000 01191nam a22002417a 4500
005 20110722153014.0
008 110722t xxu||||| |||| 00| 0 mar d
010 _aMAR-21123
020 _c120.00
035 _aMR-13781
037 _bDBAD/PUB
040 _aDPL
_bMR
082 _a891.46301
100 _aदेशपांडे,सुरेश
_929957
245 _aएकटा मी सर्वस्वी...आणि पैजण छुम् छुम् /
_cसुरेश देशपांडे
246 _aEkata Mee Sarvasavi Aani Penjan Cham Cham
_bby Suresh Deshpande
260 _aडोंबिवली((पश्चिम)
_bआरती प्रकाशन
_c2011
270 _aबी/12,आसावरी,गुप्ते पथ,विष्णूनगर
_bडोंबिवली(पश्चिम)
300 _a131पृ
_c22सेमी(अजिल्द)
700 _929999
942 _2ddc
_cMR
_h891.46301
_mदेशपां
999 _c54276
_d54276